Liedtext Ich will nur das du weißt - SDP feat. Adel Tawil - Statistiken

Allgemein
  • Dieses Quiz wurde 409 mal gespielt
  • Das Durchschnittsergebnis liegt bei 12 aus 13
Antwortstatistiken
Textquiz Fehlendes Wort % Korrekt
Alle meine Freunde sagen: "Lass die … von ihr"Denn ich bin kaum noch zu ertragen, ich red immer von dir Finger
100%
Denn immer wenn du mir gegenüber sitzt, und du mich berührstHab ich das … dass es so wie früher ist Gefühl
98%
Ich will nur dass du weißt, wie oft ich … an dich schreibUnd sie wieder zerreiß, und dass ich dich liebe und so'n scheiß Ich will nur dass du weißt, wie oft ich Lieder für dich schreib Und sie niemandem zeig, weil ich will dass niemand davon weiß Briefe
97%
Alle meine … raten, dich mir aus dem Kopf zu schlagenDie wissen gar nicht was sie sagen, dich zu vergessen dauert Jahre Und ich geh kaum noch auf die Straße, denn ich seh überall nur Paare Freunde
96%
Und ich schreib SMS, doch ich schick sie nicht …Ob du online bist hab ich so oft gecheckt Ich war an deiner Tür, nur geklopft hab ich nicht Ich wollte nur sehen ob da … bei dir ist weg wer
96%
Ich will nur dass du weißt, wie oft ich Briefe an dich schreibUnd sie wieder … , und dass ich dich liebe und so 'n scheiß Ich will nur dass du weißt, wie oft ich … für dich schreib Und sie niemandem zeig, weil ich will dass niemand davon weiß zerreiß Lieder
96%
Ich will nur dass du weißt, wie oft ich Briefe an dich schreibUnd sie wieder zerreiß, und dass ich dich … und so 'n scheiß liebe
95%
Ich war an deiner … , nur geklopft hab ich nichtIch wollte nur sehen ob da wer bei dir ist Tür
95%
Und ich schreib SMS, doch ich schick sie nicht wegOb du online bist hab ich so oft … gecheckt
94%
Und ich schreib … , doch ich schick sie nicht weg Ob du online bist hab ich so oft gecheckt Ich war an deiner Tür, nur geklopft hab ich nicht Ich wollte nur … ob da wer bei dir ist SMS Sehen
94%
Ich will nur dass du weißt, wie oft ich Lieder für dich schreibUnd sie niemandem zeig, weil ich will dass … davon weiß niemand
93%
Und trägt 'ne andre deinen … , ja dann raubts mir fast den AtemJedesmal wenn eine Frau dein Parfüm an sich trägt Bilde ich mir einen Moment ein, dass du mir direkt gegenüber stehst Namen
90%
Denn du bist … , doch du schreibst nicht und ich schlage auf den SchreibtischFrag mich, ob du gerade alleine bist, oder fühlst du grad das gleiche? online
90%
Keine übereinstimmenden Quizze gefunden
Verteilung der Resultate
Anzahl Personen mit jedem Resultat
Perzentil nach korrekt beantworteten Fragen
Ihre Resultats-Entwicklung
Sie haben dieses Quiz noch nicht gespielt